The 10 best female footballers in the world 2024 Sudden Death - Statistics

General Stats
  • This quiz has been taken 41 times
  • The average score is 3 of 10
Answers on the Grid
Answers color-coded by a green-red scale on the quiz's grid according to % correct below.
Lauren James Chelsea
Aitana Bonmatí Barcelona
Trinity Rodman Washington Spirit
Keira Walsh Barcelona
Mallory Swanson Chicago Red Stars
Temwa Chawinga Kansas City Current
Lauren Hemp Manchester City
Barbra Banda Orlando Pride
Lindsey Horan Lyon
Caroline Graham Hansen Barcelona
Marie-Antoinette Katoto PSG
Khadija Shaw Manchester City
Salma Paralluelo Barcelona
Naomi Girma San Diego Wave
Sophia Smith Portland Thorns
 
Answer Stats
Answer % Correct
Aitana Bonmatí Barcelona
93%
Caroline Graham Hansen Barcelona
50%
Salma Paralluelo Barcelona
36%
Lindsey Horan Lyon
21%
Trinity Rodman Washington Spirit
21%
Khadija Shaw Manchester City
14%
Sophia Smith Portland Thorns
14%
Mallory Swanson Chicago Red Stars
7%
Barbra Banda Orlando Pride
4%
Naomi Girma San Diego Wave
4%
No matching quizzes found
Score Distribution
Percent of People with Each Score
Percentile by Number Answered
Your Score History
You have not taken this quiz